LEADER 00964nam0-22002651i-450- 001 990000399250403321 005 20050720162209.0 035 $a000039925 035 $aFED01000039925 035 $a(Aleph)000039925FED01 035 $a000039925 100 $a20020821d1977----km-y0itay50------ba 101 0 $aita 105 $ay-------001yy 200 1 $aAggiornamento tecnico-scientifico per i docenti della formazione professionale$eeconomia industriale$fIstituto per lo sviluppo della formazione professionale dei lavoratori 210 $aFirenze$cLa Nuova Italia$d1977 215 $a193 p.$cill.$d21 cm 710 02$aIsfol$9$0423065 801 0$aIT$bUNINA$gRICA$2UNIMARC 901 $aBK 912 $a990000399250403321 952 $a04 226-3$bCI$fDINCH 959 $aDINCH 996 $aAggiornamento tecnico-scientifico per i docenti della formazione professionale$9134789 997 $aUNINA